| 000 | 00760cab a2200241 4500 | ||
|---|---|---|---|
| 001 | ABS57909 | ||
| 008 | 090401t1997 xxu||||| |||| 00| 0 eng d | ||
| 035 | _a(Sirsi) u82049 | ||
| 041 | _aeng | ||
| 100 | _aBryer, J. | ||
| 245 | _aShopping centre demand goes from strength to strength | ||
| 260 | _c1997 | ||
| 350 | _a0 | ||
| 490 |
_aProperty Finance & Development _v9(10) October 1997, 6-8(3) |
||
| 520 | _aEvaluates the strengthening demand for shopping centres for investment in the UK. Includes statistics on transactions 1993-1997. | ||
| 650 | _aDEMAND | ||
| 650 | _aINVESTMENT MARKET | ||
| 650 | _aSHOPPING CENTRES | ||
| 650 | _aTRANSACTIONS | ||
| 690 | _aPROPERTY-COMMERCIAL PROPERTY-RETAIL PROPERTY | ||
| 942 | _n0 | ||
| 948 | _c13/11/1997 | ||
| 999 |
_c51743 _d51743 |
||